[Event "Challenge"]
[Site "http://www.queenalice.com/game.php?id=611185"]
[Date "2009.6.30"]
[Round "-"]
[White "Legiao"]
[Black "Claudemir"]
[Result "0-1"]
[WhiteElo "1102"]
[BlackElo "2090"]

1. c3 e5 2. d4 exd4 3. cxd4 d5 4. Nc3 Nf6 5. Bg5 Be7 6. Qc1 Nc6 7. Qe3 O-O 8.
Qg3 Nxd4 9. Qf4 Nc2+ 10. Kd1 Nxa1 11. Qg3 Bf5 12. e3 d4 13. exd4 Qxd4+ 0-1

[Event "Desafio #1"]
[Site "http://www.queenalice.com/game.php?id=619806"]
[Date "2009.7.16"]
[Round "-"]
[White "Aylton"]
[Black "Claudemir"]
[Result "1-0"]
[WhiteElo "1917"]
[BlackElo "2095"]

1. d4 d5 2. Nf3 e6 3. e3 Nf6 4. c4 c5 5. Nc3 Nc6 6. a3 Be7 7. dxc5 Bxc5 8. b4
Be7 9. Bb2 O-O 10. Be2 dxc4 11. Bxc4 Qc7 12. Be2 Rd8 13. Qb3 Ne5 14. Nxe5 Qxe5
15. O-O Ne4 16. Nxe4 Qxe4 17. Bf3 Qg6 18. Rfd1 Rxd1+ 19. Rxd1 Bf6 20. Bxf6 Qxf6
21. Qd3 Kf8 22. Qd8+ Qxd8 23. Rxd8+ Ke7 24. Rh8 h6 25. Kf1 Rb8 26. Bxb7 Rxb7 27.
Rxc8 Kd7 28. Rc5 Rb6 29. Ke2 Rd6 30. Ra5 a6 31. b5 axb5 32. Rxb5 Ra6 33. Rb7+
Ke8 34. Rb3 Ke7 35. Kd3 g5 36. g4 f5 37. h3 Kf6 38. f3 Ra4 39. Rc3 Kg6 40. Kc2
fxg4 41. hxg4 h5 42. gxh5+ Kxh5 43. Kb3 1-0

[Event "Desafio #2"]
[Site "http://www.queenalice.com/game.php?id=619807"]
[Date "2009.7.16"]
[Round "-"]
[White "Claudemir"]
[Black "Aylton"]
[Result "1/2-1/2"]
[WhiteElo "2088"]
[BlackElo "1950"]

1. d4 Nf6 2. c4 e6 3. e3 d5 4. Nf3 c5 5. Be2 Nc6 6. Nc3 a6 7. O-O dxc4 8. dxc5
Qxd1 9. Rxd1 Bxc5 10. Bxc4 b5 11. Bb3 O-O 12. h3 Bb7 13. Bd2 Rfd8 14. Ng5 Bb6
15. Nce4 Nxe4 16. Nxe4 Ne5 17. Bc3 Bxe4 18. Bxe5 Rxd1+ 19. Rxd1 Rd8 20. Rxd8+
Bxd8 21. f3 Bb7 22. Kf2 Kf8 23. g3 f6 24. Bc3 1/2-1/2

[Event "Challenge"]
[Site "http://www.queenalice.com/game.php?id=632214"]
[Date "2009.8.7"]
[Round "-"]
[White "Marivaldo"]
[Black "Claudemir"]
[Result "0-1"]
[WhiteElo "1827"]
[BlackElo "2051"]

1. d4 Nf6 2. Bf4 g6 3. Nc3 Bg7 4. Nf3 d6 5. e4 Bg4 6. Be2 e6 7. e5 dxe5 8. Bxe5
c6 9. h3 Bxf3 10. Bxf3 O-O 11. h4 h5 12. Qe2 Nbd7 13. O-O-O Nd5 14. Nxd5 exd5
15. Bxg7 Kxg7 16. Qe3 Re8 17. Qf4 Nf6 18. Rhe1 Qd7 19. Qg3 Rxe1 20. Rxe1 Re8 21.
Rxe8 Qxe8 22. Qe5 Qxe5 23. dxe5 Nd7 24. g3 Nxe5 25. Bg2 Ng4 26. f3 Ne3 27. Bh3
b6 28. b4 Kf6 29. Bc8 c5 30. a3 g5 31. hxg5+ Kxg5 32. f4+ Kf6 33. bxc5 bxc5 34.
Bh3 Nc4 35. a4 a5 36. c3 Nb6 37. Bg2 Nxa4 38. Bxd5 Nxc3 39. Bf3 Kg6 40. Kc2 Nb5
41. Kb3 Nd4+ 42. Kc4 Nxf3 43. Kxc5 Kf5 44. Kb5 Kg4 45. Kxa5 Kxg3 46. f5 h4 0-1

[Event "Challenge"]
[Site "http://www.queenalice.com/game.php?id=632215"]
[Date "2009.8.7"]
[Round "-"]
[White "Claudemir"]
[Black "Marivaldo"]
[Result "1-0"]
[WhiteElo "2074"]
[BlackElo "1922"]

1. e4 d5 2. exd5 Qxd5 3. Nc3 Qd8 4. Bc4 Bf5 5. Nf3 e6 6. O-O Bg4 7. h3 Bh5 8. d3
c6 9. Ne4 h6 10. Ng3 Bg6 11. Bf4 Bd6 12. Qd2 a5 13. Rfe1 b5 14. Bxe6 fxe6 15.
Rxe6+ Be7 16. Rxg6 Bf6 17. Nf5 Bxb2 18. Re1+ Kd7 19. Rd6+ Kc7 20. Rxd8+ Kxd8 21.
Qe3 Nf6 22. Qe7+ Kc8 23. Qc7# 1-0

[Event "Challenge"]
[Site "http://www.queenalice.com/game.php?id=643223"]
[Date "2009.8.27"]
[Round "-"]
[White "Claudemir"]
[Black "fernando1971"]
[Result "0-1"]
[WhiteElo "2084"]
[BlackElo "2340"]

1. d4 d5 2. c4 dxc4 3. e4 b5 4. a4 c6 5. axb5 cxb5 6. Nc3 Bd7 7. Bf4 e6 8. b3 b4
9. Na4 c3 10. Bc4 Nf6 11. Qf3 Nc6 12. Ne2 Na5 13. O-O Nxc4 14. bxc4 Rc8 15. c5
Bc6 16. Ng3 Qxd4 17. Rfd1 Qc4 0-1

[Event "Challenge"]
[Site "http://www.queenalice.com/game.php?id=664023"]
[Date "2009.10.7"]
[Round "-"]
[White "GEORGESILVA"]
[Black "Claudemir"]
[Result "1-0"]
[WhiteElo "2177"]
[BlackElo "2082"]

1. e4 e5 2. d4 exd4 3. c3 Nc6 4. cxd4 Bb4+ 5. Nc3 d6 6. Bc4 Nf6 7. Nf3 Nxe4 8.
O-O Nxc3 9. bxc3 Bxc3 10. Bxf7+ Kf8 11. Rb1 Qf6 12. Bd5 Nxd4 13. Bxb7 Bxb7 14.
Nxd4 Qxd4 15. Rxb7 Qxd1 16. Rxd1 Ba5 17. Be3 a6 18. Rd5 Bc3 19. Rxc7 Bf6 20. Bf4
Re8 21. Bxd6+ Kg8 22. Bb4 1-0

[Event "Challenge"]
[Site "http://www.queenalice.com/game.php?id=665695"]
[Date "2009.10.11"]
[Round "-"]
[White "benjobench"]
[Black "Claudemir"]
[Result "0-1"]
[WhiteElo "1955"]
[BlackElo "2018"]

1. d4 Nf6 2. Nc3 g6 3. Bg5 Bg7 4. f4 d5 5. e3 Nc6 6. Bb5 O-O 7. Nf3 Bf5 8. Bxc6
bxc6 9. h3 Ne4 10. Nxe4 Bxe4 11. c3 f6 12. Bh4 Rb8 13. b3 Qd6 14. O-O c5 15. Nd2
Bd3 16. Re1 cxd4 17. cxd4 e5 18. dxe5 fxe5 19. fxe5 Bxe5 20. Rc1 Bb2 21. Nf3 Be4
22. Ng5 Bxc1 23. Nxe4 Bxe3+ 24. Rxe3 dxe4 25. Qc2 Qd4 26. Bf2 Rbd8 27. Rxe4 Qd1+
28. Qxd1 Rxd1+ 29. Be1 Rf7 30. a4 g5 31. Kh2 Rd3 32. b4 Rdd7 33. Bg3 Kg7 34. Rc4
h5 35. Be5+ Kg6 36. Bc3 Rd5 37. a5 a6 38. Re4 Kf5 39. Rc4 Ke6 40. Rc6+ Rd6 41.
Rc5 g4 42. Rxh5 g3+ 0-1

[Event "Claudemir-Jorm5"]
[Site "http://www.queenalice.com/game.php?id=711191"]
[Date "2010.1.9"]
[Round "-"]
[White "Claudemir"]
[Black "jorm"]
[Result "1-0"]
[WhiteElo "2031"]
[BlackElo "1889"]

1. e4 Nc6 2. Nf3 e5 3. Bb5 d6 4. h3 Bd7 5. c3 a6 6. Ba4 b5 7. Bb3 a5 8. d4 exd4
9. cxd4 h6 10. O-O Nb4 11. a3 Nc6 12. Nc3 Na7 13. e5 b4 14. axb4 axb4 15. Ne4
Nc6 16. Rxa8 Qxa8 17. exd6 cxd6 18. Re1 Kd8 19. Bxf7 Qa7 20. Bh5 d5 21. Ng3 Bd6
22. Ne2 Nf6 23. Bg6 Ne7 24. Bd3 g5 25. Ne5 Be8 26. Qc2 Qb7 27. f4 Nd7 28. Nxd7
Bxd7 29. fxg5 hxg5 30. Bxg5 Bxh3 31. Nf4 Bd7 32. Ng6 Re8 33. Bxe7+ Bxe7 34. Rxe7
Rxe7 35. Nxe7 Kxe7 36. Qe2+ Kd8 37. Qd2 b3 38. Be2 Kc8 39. Qa5 Qc6 40. Qa6+ Qxa6
41. Bxa6+ Kd8 42. Kf2 Ke7 43. Ke3 Bf5 44. Kd2 Bd7 45. Kc3 Kd6 46. Kxb3 Kc6 47.
Be2 Kb6 48. g4 Ka5 49. g5 Be6 50. g6 Bg8 51. Kc3 Kb6 52. Kd2 Kc6 53. Ke3 Kd6 54.
Kf4 Ke6 55. Kg5 Ke7 56. b4 Kd7 57. Kf6 Kd6 58. b5 Kc7 59. Kg7 Be6 60. Kf8 Kd7
61. g7 Kd8 62. Bg4 1-0

[Event "Challenge"]
[Site "http://www.queenalice.com/game.php?id=772943"]
[Date "2010.5.8"]
[Round "-"]
[White "Claudemir"]
[Black "DTG"]
[Result "1-0"]
[WhiteElo "2053"]
[BlackElo "2036"]

1. d4 d5 2. c4 e6 3. e3 Nf6 4. Nc3 Nbd7 5. Nf3 a6 6. Bd3 dxc4 7. Bxc4 Bb4 8. O-O
O-O 9. a3 Bd6 10. e4 e5 11. dxe5 Nxe5 12. Nxe5 Bxe5 13. Qxd8 Rxd8 14. Bg5 h6 15.
Bxf6 Bxf6 16. Rad1 Bg4 17. f3 Bd7 18. Rd3 Be8 19. Rfd1 Rxd3 20. Rxd3 Rd8 21.
Rxd8 Bxd8 22. b4 Bf6 23. Nd5 Bd4+ 24. Kf1 c6 25. Ne7+ Kf8 26. Nf5 c5 27. Nxd4
cxd4 28. Ke2 Bc6 29. Kd3 f6 30. Kxd4 Ke7 31. Kc5 Kd7 32. b5 Bxb5 33. Bxb5+ axb5
34. Kxb5 Kc7 35. Kc5 b6+ 36. Kd5 Kd7 37. a4 h5 38. f4 g6 39. e5 f5 40. h4 1-0

[Event "Challenge"]
[Site "http://www.queenalice.com/game.php?id=809730"]
[Date "2010.7.28"]
[Round "-"]
[White "Chalezuba"]
[Black "Claudemir"]
[Result "1-0"]
[WhiteElo "2114"]
[BlackElo "2056"]

1. e4 e5 2. Nf3 Nc6 3. Bb5 a6 4. Ba4 Nf6 5. O-O b5 6. Bb3 Be7 7. Re1 d6 8. h3
O-O 9. c3 Be6 10. d4 Bxb3 11. Qxb3 Qd7 12. Nbd2 Rab8 13. Nf1 a5 14. d5 Nd8 15.
Ng3 c6 16. a4 cxd5 17. exd5 Nb7 18. Qxb5 Qxb5 19. axb5 Nxd5 20. Rd1 Nf6 21. Be3
Rfc8 22. Nf5 Bf8 23. Bb6 Ra8 24. Ne3 a4 25. Ra2 a3 26. Rb1 Nd7 27. Nd5 axb2 28.
Rbxb2 Rxa2 29. Rxa2 Nxb6 30. Nxb6 Rxc3 31. Ra8 Rc7 32. Nd5 Rd7 33. b6 f6 34. Ra7
Nc5 35. Nd2 Kf7 36. Nb3 Ke6 37. Nc7+ 1-0

[Event "Challenge"]
[Site "http://www.queenalice.com/game.php?id=809732"]
[Date "2010.7.28"]
[Round "-"]
[White "FLEURY"]
[Black "Claudemir"]
[Result "1-0"]
[WhiteElo "2172"]
[BlackElo "2068"]

1. e4 c5 2. Nf3 d6 3. Nc3 Nf6 4. d4 cxd4 5. Nxd4 Nc6 6. Bg5 a6 7. Qd2 h6 8. Bxf6
gxf6 9. O-O-O h5 10. f4 e5 11. Nf5 Bxf5 12. exf5 Nd4 13. Qe3 Nxf5 14. Qe4 Qc8
15. Nd5 Rb8 16. Nxf6+ Ke7 17. fxe5 Bh6+ 18. Kb1 Ne3 19. Nd5+ Nxd5 20. exd6+ Kf8
21. Qxd5 Qd7 22. Bc4 b5 23. Rhe1 Qb7 24. Re8+ Kxe8 25. Qe5+ Kd7 26. Qe7+ 1-0